000 00348nam a2200169Ia 4500
100 _aTanenbaum/A.S/ Steen/M.V
650 _aDistributed systems
250 _a2
942 _cBK
366 _f20
245 _aDistributed systems
260 _bprentice hall
_c2007
082 _a4.6
_bTAN
300 _a686
546 _aENGLISH
999 _c32320
_d32320